000 00325nam a2200109Ia 4500
008 171211s9999 xx 000 0 und d
245 _aNot My People: Gentiles as Exiles in Pauline Hermeneutics
245 _cDavid Ian Starling
260 _c2011
650 _xReligion
856 _uhttp://down.ebook777.com/063/3110259605.pdf
999 _c350461
_d350461